000 00315nam a22001457a 4500
008 221011b ||||| |||| 00| 0 eng d
020 _a9780683076301
041 _aeng
080 _a61
082 _a61
100 _a5
101 _aMED
245 _aOUTCOMES ASSESSMENT CLINICAL
_cSEDERER LL
942 _2udc
_cBK
999 _c58483
_d58483